|
|
|
|
| LEADER |
00000nam a22000007a 4500 |
| 005 |
20191114211837.0 |
| 007 |
cr|||| ||| |
| 008 |
191114s2019 es |||||s|||| 00||0 spa d |
| 020 |
|
|
|a 978-84-486-1923-7
|
| 035 |
|
|
|a 30687
|
| 040 |
|
|
|a vLex
|
| 090 |
|
|
|c 10006
|d 10006
|
| 100 |
1 |
|
|a Robles Lp̤ez, Carmen Mara̕
|
| 245 |
1 |
2 |
|a La reputacin̤ y la legitimidad como bienes intangibles en el sector pb︢lico
|h [Recurso electrn̤ico] /
|c Carmen Mara̕ Robles Lp̤ez
|
| 256 |
|
|
|a Servicio en ln̕ea
|
| 260 |
|
|
|a Madrid:
|b Instituto Nacional de Administracin̤ Pb︢lica (INAP),
|c 2019
|
| 300 |
|
|
|a 1 recurso electrn̤ico
|
| 500 |
|
|
|a El caso del ministro y el Ministerio de Educacin̤, Cultura y Deporte (2011-2015) Esta obra explora la dinm̀ica de la reputacin̤ y la legitimidad tanto del ld̕er pb︢lico, con responsabilidades ejecutivas, como de la institucin̤ que dirige. En concreto, se analiza la congruencia entre los juicios de reputacin̤ y legitimidad formulados por y sobre un ld̕er desde la institucin̤ pb︢lica, y los juicios que sobre lo mismo realizan los medios y ciudadanos. La autora parte de una situacin̤ de escasa confianza en las instituciones pb︢licas, como han constatado importantes organismos internacionales en sus diferentes informes (Organizacin̤ para la Cooperacin̤ y el Desarrollo Econm̤icos - OCDE, 2015; informes de Naciones Unidas, Banco Mundial, Fundacin̤ Internacional Monetaria, Organizacin̤ de Estados Unidos y Banco de Desarrollo de Amřica Latina - CAF). El objetivo es dar respuesta al problema de la desconfianza, a travš de los conceptos de reputacin̤ y legitimidad, con un enfoque singular, el de los bienes intangibles en el sector pb︢lico. El caso especf̕ico del que se ocupa la investigacin̤ de la autora es el de Jos ̌Ignacio Wert e į̕go Mňdez de Vigo, Ministros de Educacin̤, Cultura y Deporte, y el propio Ministerio de Educacin̤, Cultura y Deporte. La investigacin̤ se ha llevado a cabo desde una perspectiva triangular en dos niveles. En un primer nivel, se combina la revisin̤ ter̤ico-conceptual con una observacin̤ empr̕ica; en un segundo nivel, se observa a los tres actores que formulan juicios sobre una organizacin̤ pb︢lica: la propia organizacin̤, los medios de comunicacin̤ y los ciudadanos.
|
| 506 |
1 |
|
|a Disponible solo en los productos indicados
|d vLex Global
|d vLex Global (Academic Edition, excluding Law Schools)
|d vLex Global (U.S. Academic Edition, Law Schools)
|d vLex Global (U.S. Academic Edition, excluding Law Schools)
|d vLex Global (Academic Edition, Law Schools)
|
| 650 |
0 |
4 |
|a Derecho Pb︢lico y Administrativo
|z Espaą
|
| 740 |
0 |
|
|a vLex Libros (Servicio en ln̕ea)
|
| 856 |
4 |
0 |
|u http://vlex.com/source/reputacion-y-la-legitimidad-como-bienes-intangibles-en-el-sector-publico-30687
|z Acceso restringido
|
| 942 |
|
|
|c BOOK
|
| 999 |
0 |
|
|a Public and Administrative Law
|